000 00352nam a2200133Ia 4500
008 230411s9999 xx 000 0 und d
041 _aeng
082 _aCH/610.7343/KAU/B07348
100 _aKaur Baljit
245 _aCommunity Health Nursing Procedures
260 _bJaypee Brothers
_aNew Delhi
_c2012
300 _a100p
999 _c157480
_d157480